000 00584nam a2200217Ia 4500
005 20250508151218.0
008 008 250505s9999 xx 000 0 eng d
037 _aTextBook
040 _aFEDL
_beng
_cFEDL
041 _aeng
_2eng
084 _a371.9, SCH
_qFEDL
100 _aSchonell Fred. J
_9139871
245 0 _aBackwardness in the basic subjects
250 _a2
260 _aLondon, UK
_bOliver and Boyd
_c1945
300 _axix,560p
365 _aINR
_b75
650 _aSpecial Education
_9757710
942 _cTB
_h371.9, SCH
999 _c1328244
_d1328244